000 00875cam a22002891a 4500
001 10726
003 BD-RjUL
005 20211208235015.0
008 140125s1965 enka 000 0 eng
035 _a(BD-RjUL)10775
035 _a(OCoLC)9984765
040 _aDLC
_cNTR
_dBD-RjUL
_beng
041 1 _aeng
_hfre
082 0 0 _a551.467
_bCOW 1965
100 1 _aCousteau, Jacques,
_d1910-1997.
_933181
245 1 0 _aWorld without sun /
_cedited by James Dugan.
260 _aLondon :
_bHeinemann,
_cc1965.
300 _a202 p. :
_bill. ;
_c25 cm.
650 0 _aManned undersea research stations.
_933182
650 0 _aUnderwater exploration
_zRed Sea.
_933183
650 0 _aMarine animals
_zRed Sea.
_933184
700 1 _aDugan, James,
_d1912-1967,
_eeditor.
_933185
942 _2ddc
_cBK
999 _c10726
_d10726